000 00937nam a22002537a 4500
999 _c10527
_d10527
003 AR-CdUCM
008 190401b ||||| |||| 00| 0 spa d
020 _a9972-699-16-2
040 _aMUNICIPALIDAD PROVINCIAL DEL CUSCO
_cBIBLIOTECA MUNICIPAL DEL CUSCO
082 _a869.56 /
_bM539L
100 _aMendoza Borda, Gloria
_914954
245 _aLa danza de las balsas :
_bI festival del libro Huancaneño /
260 _aPuno :
_bHorizonte,
_c1998.
300 _a93 páginas ;
_c21 cm.
440 _aEdiciones Peqosani
_927446
500 _aDonación de la familia Nieto. Dedicatoria a Luis Nieto. Municipalidad provincial de Huancané.
505 _aContenido: La danza de las balsas -- Retorno y despedida de Martina -- Orígenes.
650 _aLiteratura Peruana
_9132
650 _aSiglo XX
_98
650 _aPoesía Peruana
_92266
700 _aBaquerizo, Manuel J. (Prólogo)
_927447
942 _2ddc
_cLIBROS
945 _acmm